All Main DCEU Villains - Statistics

General Stats
  • This quiz has been taken 63 times
  • The average score is 9 of 16
Answer Stats
Picture Answer % Correct
General Zod
98%
Lex Luthor
93%
Black Manta
84%
Steppenwolf
77%
Enchantress
74%
Black Mask
67%
Ares
63%
Starro the Conqueror
58%
Maxwell Lord
44%
The Thinker
44%
Dark Flash
42%
Dr. Sivana
42%
Orm
40%
Sabbac
26%
Kalypso
16%
Conrad Carapax
14%
No matching quizzes found
Score Distribution
Percent of People with Each Score
Percentile by Number Answered
Your Score History
You have not taken this quiz